00275nam a2200109Ia 4500008004100000041000800041082002700049100002000076245002900096260003100125300000900156230411s9999 xx 000 0 und d aeng aCH/610.7343/BAS/B05848 aSwarnkar Keshav aCommunity Health Nursing bN R BrothersaIndorec2004 a804p